000 00645nam a22002417a 4500
001 BR7907911
003 BR-BrBNA
005 20230928090315.0
007 ta
008 230509b bl.||||| |||| 00| 0 por d
040 _aBR-BrBNA
_bpor
_cBiblioteca Nacional de Agricultura
041 _a(Por)
072 _aF25
090 _ F25 BR7907911
100 1 _aReis, O. da S.
110 1 _aAssociacao de Credito e Assistencia Rural do Parana, Curitiba (Brasil)
245 1 _aAdubos organicos
260 3 _aCuritiba, PR (Brasil):
_c1979.
300 _a22 p.
650 _aADUBO ORGANICO
909 _a202309
_bLucia
_c55
_dLucia Elande
942 _cBK
999 _c28384
_d28384